000 01443ngm a2200301 4500
003 dpl
005 2009031901361.0
007 DVD
008 ||||||sp199 xxu|||||c ||| 00| 0 ng d
010 _aDVD-001837-1839
024 _aVENF 0061
_c49.00
035 _aDVD-001837-1839
040 _aDPL
_cDPL
082 _aDVD / PUNI
245 _aThe Punisher /
_cIndus Video Presents
_h[videorecording] DVD/
260 _bMoserbaer Entertainment
300 _a1 videodisc VCD;
_bsd., col. ;
_c4 3/4 in.
_fVCD
440 _aMoserbaer Home Entertainment
500 _aMoserbaer India Ltd. has obtained the necessary licence/conssent from the owner of the copyright in the wroks for making this DVD Film.
538 _aDolby Digital 5.1 -English Subtitles: English
650 _aMotion Picture
700 _aLundgren, Dolph
942 _cCF
_2ddc
_hDVD
_mPUNI
999 _c25401
_d25401